[Event "Winnipeg TNT 2018.04"]
[Site "Winnipeg CAN"]
[Date "2018.04.10"]
[Round "2"]
[White "Baron, Gustav"]
[Black "Rutter, Blair"]
[Result "1-0"]
[WhiteElo "2216"]
[BlackElo "1984"]
[PlyCount "67"]
[EventDate "2018.04.03"]
[EventType "swiss"]
[EventRounds "4"]
[EventCountry "CAN"]

1. d4 d5 2. c4 c6 3. Nc3 Nf6 4. e3 e6 5. Bd3 Bd6 6. Nf3 O-O 7. O-O Nbd7 8. e4
dxe4 9. Nxe4 Nxe4 10. Bxe4 f5 11. Bc2 Nf6 12. Qe2 Bd7 13. Bg5 Qc7 14. Rad1 Rae8
15. Rfe1 h6 16. Bd2 c5 17. dxc5 Bxc5 18. b4 Bd6 19. c5 Bf4 20. Bb3 Nd5 21. g3
Bxd2 22. Qxd2 Bc6 23. Nd4 Rf6 24. Rxe6 Rfxe6 25. Nxe6 Qe7 26. Bxd5 Bxd5 27.
Qxd5 Qxe6 28. Qxe6+ Rxe6 29. Rd7 Ra6 30. Rxb7 Rxa2 31. c6 Kh8 32. c7 Rc2 33.
Rxa7 h5 34. h4 1-0

[Event "Winnipeg TNT 2018.04"]
[Site "Winnipeg CAN"]
[Date "2018.04.10"]
[Round "2"]
[White "Boron, Anthony"]
[Black "Bince, Rolando"]
[Result "1-0"]
[WhiteElo "2017"]
[BlackElo "1964"]
[PlyCount "123"]
[EventDate "2018.04.03"]
[EventType "swiss"]
[EventRounds "4"]
[EventCountry "CAN"]

1. b3 b6 2. Bb2 Bb7 3. d3 e6 4. Nd2 Nf6 5. Ngf3 d5 6. g3 Nbd7 7. Bg2 Bd6 8. O-O
O-O 9. d4 c5 10. c4 cxd4 11. Nxd4 e5 12. Nb5 Bc5 13. cxd5 a6 14. Nc3 Bd4 15. e4
b5 16. Qe2 Rc8 17. Nd1 Bxb2 18. Nxb2 Rc2 19. Nd3 Qa5 20. b4 Qa4 21. a3 Rfc8 22.
Rfc1 Rxc1+ 23. Nxc1 Qc2 24. Ndb3 Qxe2 25. Nxe2 Rc2 26. Kf1 Kf8 27. Rc1 Rb2 28.
Na5 Ba8 29. Rc8+ Ke7 30. Nc3 Nb6 31. Rc7+ Kd6 32. Rxf7 Rc2 33. Ne2 Rc7 34. Rxc7
Kxc7 35. Nc3 Kd6 36. Nb3 Bb7 37. Nc5 Bc8 38. Ke2 Nfd7 39. Nd3 g5 40. Bh3 Nc4
41. a4 bxa4 42. Nxa4 a5 43. bxa5 Nxa5 44. Nb4 Nc5 45. Nxc5 Bxh3 46. Ncd3 Bd7
47. f4 gxf4 48. gxf4 Bg4+ 49. Kf2 exf4 50. e5+ Ke7 51. Nxf4 Nc4 52. Nc6+ Kd7
53. Kg3 Bf5 54. Nh5 Kc7 55. Nf6 Bg6 56. Kf4 h6 57. Ne7 Bc2 58. Neg8 h5 59. Nxh5
Nb6 60. Nhf6 Nc8 61. h4 Kd8 62. h5 1-0

[Event "Winnipeg TNT 2018.04"]
[Site "Winnipeg CAN"]
[Date "2018.04.10"]
[Round "2"]
[White "Furda, Ievgeniia-Diana"]
[Black "Prince, Colin"]
[Result "0-1"]
[WhiteElo "1528"]
[BlackElo "1878"]
[PlyCount "64"]
[EventDate "2018.04.03"]
[EventType "swiss"]
[EventRounds "4"]
[EventCountry "CAN"]

1. e4 e5 2. Nf3 Nc6 3. d4 exd4 4. Nxd4 Bc5 5. Be3 Qf6 6. c3 Nge7 7. Nc2 Bb6 8.
Nd2 d5 9. Bb5 O-O 10. O-O Qg6 11. Qf3 Bg4 12. Qg3 dxe4 13. Bxb6 axb6 14. Rfe1
f5 15. h3 Bh5 16. Qxc7 Rad8 17. Qf4 Kh8 18. Be2 Nd5 19. Bxh5 Nxf4 20. Bxg6 Rxd2
21. Bxf5 Rxf5 22. Ne3 Rf8 23. Nc4 Ne2+ 24. Kh2 Rc2 25. Nxb6 Rxf2 26. Rf1 Nf4
27. Rxf2 Rxf2 28. Kg3 e3 29. Re1 Ne2+ 30. Kh2 Ne5 31. Nd5 Nf3+ 32. Kh1 Ng3# 0-1

[Event "Winnipeg TNT 2018.04"]
[Site "Winnipeg CAN"]
[Date "2018.04.10"]
[Round "2"]
[White "Gergoryanz, Philipp"]
[Black "Remillard, John"]
[Result "1-0"]
[WhiteElo "1352"]
[BlackElo "1631"]
[PlyCount "107"]
[EventDate "2018.04.03"]
[EventType "swiss"]
[EventRounds "4"]
[EventCountry "CAN"]

1. e4 c5 2. Nf3 Nc6 3. Bc4 a6 4. d4 e6 5. d5 Na5 6. dxe6 fxe6 7. Be2 Nf6 8. e5
Nd5 9. Ng5 Ne7 10. Bh5+ g6 11. Qf3 Nf5 12. g4 Bh6 13. gxf5 exf5 14. Qxf5 Bxg5
15. Bxg5 Qb6 16. Bf6 d5 17. Bxg6+ hxg6 18. Qxg6+ Kd7 19. Qg7+ Kc6 20. Qxh8 Qxb2
21. Qe8+ Kb6 22. Bd8+ Ka7 23. O-O Qxa1 24. Qg6 Nc6 25. Bf6 Be6 26. Nd2 Qxa2 27.
Bg7 d4 28. f4 Rg8 29. f5 Bf7 30. Qf6 Qd5 31. e6 Be8 32. e7 Ne5 33. Qh6 Ng4 34.
Qg5 Ne3 35. Rf2 Bd7 36. Qg6 Nxf5 37. Rxf5 Qxf5 38. Qxf5 Bxf5 39. Kf2 Bxc2 40.
Bf8 Bg6 41. Ne4 Kb6 42. Nxc5 Be8 43. Ne6 Rg6 44. Nxd4 Kc5 45. Nf3 b5 46. h4 Kd6
47. h5 Rg8 48. h6 Ke6 49. Ke3 Kf6 50. Kd4 Rg4+ 51. Kc5 Rc4+ 52. Kb6 Rc6+ 53.
Ka5 Bg6 54. h7 1-0

[Event "Winnipeg TNT 2018.04"]
[Site "Winnipeg CAN"]
[Date "2018.04.10"]
[Round "2"]
[White "Gerona, Joshua"]
[Black "Babb, Jeff"]
[Result "0-1"]
[WhiteElo "1921"]
[BlackElo "2212"]
[PlyCount "151"]
[EventDate "2018.04.03"]
[EventType "swiss"]
[EventRounds "4"]
[EventCountry "CAN"]

1. d4 Nf6 2. c4 c5 3. dxc5 Na6 4. Nc3 Nxc5 5. Nf3 g6 6. e3 Bg7 7. Be2 O-O 8.
O-O d6 9. Nd4 a5 10. a4 Bd7 11. Bf3 Rc8 12. Ra2 Bc6 13. b3 Bxf3 14. Nxf3 Nfe4
15. Nb5 Na6 16. Nfd4 Nb4 17. Rb2 d5 18. Qf3 e5 19. Nc2 Nd3 20. Rb1 Ng5 21. Qe2
dxc4 22. bxc4 e4 23. Ba3 Rxc4 24. Bxf8 Bxf8 25. Ncd4 Rxa4 26. h4 Ne6 27. Nxe6
fxe6 28. Qg4 Qf6 29. Nd4 Nc5 30. Rb6 Rb4 31. Rxb4 axb4 32. Qg5 Qxg5 33. hxg5 e5
34. Ne2 Be7 35. Rb1 Ne6 36. Nc1 Nd8 37. Na2 Nc6 38. Kf1 Kf7 39. Ke1 Ke6 40. Kd2
Bxg5 41. Nxb4 h5 42. Nxc6 bxc6 43. Rb6 Kd6 44. Rb8 Be7 45. Rb4 Kd5 46. Rb8 h4
47. Rg8 g5 48. g4 Bb4+ 49. Ke2 Be7 50. Rg7 Ke6 51. Rh7 Bf6 52. Rc7 Kd6 53. Rf7
Be7 54. Rh7 Ke6 55. Kd1 c5 56. Rh6+ Bf6 57. Kc2 Kf7 58. Kc3 Kg7 59. Rh5 Kg6 60.
Kc4 Bd8 61. Kxc5 Ba5 62. Kd5 Be1 63. Kxe5 Bxf2 64. Kxe4 Be1 65. Kd5 Bc3 66. e4
Kf6 67. Rh6+ Kg7 68. Rc6 Bd2 69. Rc2 Bf4 70. Re2 h3 71. e5 h2 72. Re1 Kf7 73.
e6+ Ke7 74. Rf1 Bg3 75. Rb1 Bc7 76. Kc6 0-1

[Event "Winnipeg TNT 2018.04"]
[Site "Winnipeg CAN"]
[Date "2018.04.10"]
[Round "2"]
[White "Letain, Cory"]
[Black "Wolchock, Theo"]
[Result "0-1"]
[WhiteElo "1732"]
[BlackElo "2004"]
[PlyCount "36"]
[EventDate "2018.04.03"]
[EventType "swiss"]
[EventRounds "4"]
[EventCountry "CAN"]

1. e4 Nc6 2. Nf3 e5 3. Bb5 g6 4. c3 a6 5. Ba4 d6 6. h3 Bg7 7. d4 Bd7 8. Bg5 Nf6
9. dxe5 Nxe5 10. Nxe5 dxe5 11. Bxd7+ Qxd7 12. Qxd7+ Nxd7 13. b4 h6 14. Be3 O-O
15. O-O Nf6 16. Nd2 Rad8 17. f3 Rd3 18. Nc4 b5 0-1

[Event "Winnipeg TNT 2018.04"]
[Site "Winnipeg CAN"]
[Date "2018.04.10"]
[Round "2"]
[White "Piche, Zachary"]
[Black "Gannon, Keith"]
[Result "0-1"]
[WhiteElo "1437"]
[BlackElo "1530"]
[PlyCount "34"]
[EventDate "2018.04.03"]
[EventType "swiss"]
[EventRounds "4"]
[EventCountry "CAN"]

1. Nf3 Nf6 2. g3 g6 3. Bg2 Bg7 4. d4 d5 5. c4 O-O 6. cxd5 Nxd5 7. e4 Nb6 8. Bf4
Bg4 9. d5 Bxb2 10. Bh6 Re8 11. Na3 Bxf3 12. Bxf3 Bc3+ 13. Kf1 Bxa1 14. Qxa1 f6
15. e5 Nxd5 16. Bxd5+ Qxd5 17. exf6 Qxh1+ 0-1

[Event "Winnipeg TNT 2018.04"]
[Site "Winnipeg CAN"]
[Date "2018.04.10"]
[Round "2"]
[White "Wirtzfeld, Ryan"]
[Black "Magyar, Peter"]
[Result "1-0"]
[WhiteElo "1318"]
[BlackElo "1508"]
[PlyCount "89"]
[EventDate "2018.04.03"]
[EventType "swiss"]
[EventRounds "4"]
[EventCountry "CAN"]

1. d4 e6 2. c4 c5 3. Nc3 Nf6 4. Bg5 Be7 5. Nf3 cxd4 6. Nxd4 a6 7. e4 e5 8. Nf5
d6 9. Nxe7 Qxe7 10. Nd5 Qe6 11. Nc7+ Kd7 12. Nxe6 fxe6 13. Bxf6 gxf6 14. c5 Nc6
15. cxd6 Nd4 16. Qa4+ b5 17. Qd1 Bb7 18. f3 Rac8 19. Rc1 Bc6 20. Bd3 Kxd6 21.
O-O Ke7 22. Rf2 Rcd8 23. Rd2 h5 24. Bf1 h4 25. Rxc6 Nxc6 26. Rxd8 Rxd8 27. Qe1
Rh8 28. Qc3 Kd7 29. a4 b4 30. Qd3+ Ke7 31. Qxa6 Nb8 32. Qb7+ Kd6 33. Qxb4+ Kc7
34. Qc5+ Kd8 35. Qd6+ Nd7 36. Bb5 Rh7 37. Bxd7 Rxd7 38. Qxe6 Rd1+ 39. Kf2 Rd2+
40. Ke3 Rxg2 41. Qxf6+ Kd7 42. Qxh4 Rxb2 43. Qg4+ Kd6 44. Qg8 Rxh2 45. Qd5+ 1-0

[Event "Winnipeg TNT 2018.04"]
[Site "Winnipeg CAN"]
[Date "2018.04.17"]
[Round "3"]
[White "Babb, Jeff"]
[Black "Boron, Anthony"]
[Result "1-0"]
[WhiteElo "2212"]
[BlackElo "2017"]
[PlyCount "85"]
[EventDate "2018.04.03"]
[EventType "swiss"]
[EventRounds "4"]
[EventCountry "CAN"]

1. f4 d5 2. e3 g6 3. Nf3 Bg7 4. Be2 Nd7 5. c4 c6 6. Nc3 Nb6 7. cxd5 cxd5 8. O-O
Nf6 9. Nb5 O-O 10. Nbd4 e6 11. b3 Ne4 12. a4 a6 13. Ba3 Re8 14. Rc1 Bd7 15. d3
Nf6 16. Ne5 Rc8 17. Qd2 Bf8 18. Bxf8 Rxf8 19. Qb4 Rxc1 20. Rxc1 Bc8 21. a5 Nbd7
22. Nec6 bxc6 23. Nxc6 Qe8 24. Ne7+ Kg7 25. Rxc8 Qxc8 26. Nxc8 Rxc8 27. h3 Rb8
28. Qc3 Kf8 29. g4 Ke7 30. Kg2 Rb5 31. b4 d4 32. Qxd4 Nd5 33. Bf3 Rxb4 34. Qa7
Rb2+ 35. Kg3 Nb4 36. d4 Kd6 37. e4 Rb3 38. e5+ Ke7 39. f5 gxf5 40. gxf5 exf5
41. Qc7 Nd3 42. Bd5 Ra3 43. Qd6+ 1-0

[Event "Winnipeg TNT 2018.04"]
[Site "Winnipeg CAN"]
[Date "2018.04.17"]
[Round "3"]
[White "Baron, Gustav"]
[Black "Wolchock, Theo"]
[Result "0-1"]
[WhiteElo "2004"]
[BlackElo "2016"]
[PlyCount "58"]
[EventDate "2018.04.03"]
[EventType "swiss"]
[EventRounds "4"]
[EventCountry "CAN"]

1. Nc3 d5 2. d4 Nf6 3. Bg5 Bf5 4. f3 c6 5. Qd2 Nbd7 6. g4 Bg6 7. e3 Qc7 8. Bd3
e5 9. O-O-O Bd6 10. h4 O-O-O 11. Nh3 Rde8 12. h5 Bxd3 13. Qxd3 h6 14. Bh4 e4
15. Qe2 Bg3 16. Bxf6 exf3 17. Qxf3 Nxf6 18. Rhg1 Bd6 19. Rdf1 Re7 20. g5 Ne8
21. Nf4 Bxf4 22. exf4 f6 23. Ne2 Rf7 24. g6 Re7 25. f5 Nd6 26. Nf4 Rhe8 27. Qa3
Nc4 28. Qxa7 Qxf4+ 29. Kd1 Qd2# 0-1

[Event "Winnipeg TNT 2018.04"]
[Site "Winnipeg CAN"]
[Date "2018.04.17"]
[Round "3"]
[White "Bince, Rolando"]
[Black "Gergoryanz, Philipp"]
[Result "1-0"]
[WhiteElo "1964"]
[BlackElo "1352"]
[PlyCount "65"]
[EventDate "2018.04.03"]
[EventType "swiss"]
[EventRounds "4"]
[EventCountry "CAN"]

1. c4 e5 2. Nc3 Nf6 3. d3 Nc6 4. g3 d5 5. cxd5 Nxd5 6. Bg2 Be6 7. Nf3 Bb4 8.
Bd2 O-O 9. O-O Qd7 10. Rc1 Nxc3 11. bxc3 Ba5 12. Qa4 Rfe8 13. Nxe5 Nxe5 14.
Qxa5 Nc6 15. Qa4 Bg4 16. d4 Rxe2 17. Be3 Re8 18. Rfe1 Qf5 19. Rxe2 Bxe2 20. d5
b5 21. Qf4 Qxf4 22. Bxf4 Ne7 23. Bxc7 Bg4 24. d6 Ng6 25. Bc6 Rc8 26. Bxb5 Ne5
27. f4 Nd7 28. Re1 Be6 29. Rxe6 fxe6 30. Bxd7 Rf8 31. Bxe6+ Kh8 32. d7 g6 33.
Be5+ 1-0

[Event "Winnipeg TNT 2018.04"]
[Site "Winnipeg CAN"]
[Date "2018.04.17"]
[Round "3"]
[White "Leaden, Bruce"]
[Black "Gannon, Keith"]
[Result "1/2-1/2"]
[WhiteElo "1548"]
[BlackElo "1530"]
[PlyCount "85"]
[EventDate "2018.04.03"]
[EventType "swiss"]
[EventRounds "4"]
[EventCountry "CAN"]

1. f4 e6 2. Nf3 Nc6 3. g3 d5 4. Bg2 Nf6 5. e3 Be7 6. O-O O-O 7. Nc3 a6 8. Ne5
Bd7 9. b3 Re8 10. Bb2 Na7 11. g4 Nb5 12. g5 Nxc3 13. Bxc3 Ne4 14. Bb2 Bb5 15.
Re1 Nd6 16. a4 Bd7 17. Qh5 g6 18. Qe2 Bf8 19. Ng4 Bg7 20. Nf6+ Bxf6 21. Bxf6
Qc8 22. Qg4 e5 23. Qd1 exf4 24. exf4 Bg4 25. Rxe8+ Nxe8 26. Qe1 Nxf6 27. gxf6
c6 28. Qe5 Qe8 29. Re1 Qxe5 30. fxe5 Be6 31. Kf2 Rd8 32. d4 b5 33. axb5 axb5
34. Ra1 Rc8 35. b4 h5 36. Kg3 Kh7 37. Bh3 Bxh3 38. Kxh3 Rc7 39. Kg3 g5 40. h3
Kg6 41. Rf1 Ra7 42. Rf3 Rb7 43. Rf2 1/2-1/2

[Event "Winnipeg TNT 2018.04"]
[Site "Winnipeg CAN"]
[Date "2018.04.17"]
[Round "3"]
[White "Letain, Cory"]
[Black "Gerona, Joshua"]
[Result "0-1"]
[WhiteElo "1732"]
[BlackElo "1921"]
[PlyCount "54"]
[EventDate "2018.04.03"]
[EventType "swiss"]
[EventRounds "4"]
[EventCountry "CAN"]

1. e4 e5 2. Nf3 Nf6 3. Nxe5 d6 4. Nf3 Nxe4 5. Nc3 Nxc3 6. dxc3 Be7 7. Be3 O-O
8. Bd3 d5 9. Qd2 c5 10. O-O-O Be6 11. Kb1 Qa5 12. Ng5 Bxg5 13. Bxg5 Nc6 14. h4
b5 15. h5 d4 16. Bxh7+ Kxh7 17. h6 g6 18. Qf4 Qxa2+ 19. Kc1 Qa1+ 20. Kd2 Qxb2
21. Qf6 Rg8 22. Rh3 dxc3+ 23. Rxc3 Rad8+ 24. Ke1 Rxd1+ 25. Kxd1 b4 26. Rf3 Qxf6
27. Bxf6 Kxh6 0-1

[Event "Winnipeg TNT 2018.04"]
[Site "Winnipeg CAN"]
[Date "2018.04.17"]
[Round "3"]
[White "Magyar, Peter"]
[Black "Piche, Zachary"]
[Result "1/2-1/2"]
[WhiteElo "1508"]
[BlackElo "1437"]
[PlyCount "131"]
[EventDate "2018.04.03"]
[EventType "swiss"]
[EventRounds "4"]
[EventCountry "CAN"]

1. d4 Nf6 2. Bf4 e6 3. e3 b6 4. Be2 Bb7 5. Nf3 c5 6. c3 Nc6 7. h3 Be7 8. Nbd2
O-O 9. O-O cxd4 10. cxd4 Rc8 11. a3 d6 12. b4 Nd5 13. Bh2 Nc3 14. Qe1 Nxe2+ 15.
Qxe2 Bf6 16. b5 Ne7 17. Rac1 Nd5 18. Qd3 Qd7 19. e4 Ne7 20. a4 Ng6 21. Nc4 Bxe4
22. Qxe4 Rxc4 23. Ra1 e5 24. Qe2 Rfc8 25. dxe5 Rc2 26. Qe1 Nxe5 27. Nxe5 dxe5
28. Bxe5 Bxe5 29. Qxe5 Re8 30. Qf4 Re6 31. Rae1 Rg6 32. Qb8+ Rc8 33. Qh2 f5 34.
Rd1 Qf7 35. Rc1 Re8 36. Qf4 Qd5 37. g3 h6 38. Qc4 Qxc4 39. Rxc4 Re7 40. Kg2 Kf7
41. Rfc1 Rge6 42. Kf3 g5 43. Rc7 h5 44. g4 fxg4+ 45. hxg4 h4 46. Kg2 Re4 47.
Rxe7+ Rxe7 48. Rc3 Kf6 49. Rc6+ Re6 50. Kh3 Rxc6 51. bxc6 Ke6 52. c7 Kd7 53.
c8=Q+ Kxc8 54. f4 gxf4 55. Kxh4 Kd7 56. g5 f3 57. Kg3 f2 58. Kxf2 Ke6 59. Kg3
Kf5 60. Kh4 Kg6 61. Kg4 a6 62. Kf4 b5 63. axb5 axb5 64. Ke4 b4 65. Kd3 b3 66.
Kc3 1/2-1/2

[Event "Winnipeg TNT 2018.04"]
[Site "Winnipeg CAN"]
[Date "2018.04.17"]
[Round "3"]
[White "Marshall, Ken"]
[Black "Furda, Ievgeniia-Diana"]
[Result "0-1"]
[WhiteElo "1520"]
[BlackElo "1528"]
[PlyCount "62"]
[EventDate "2018.04.03"]
[EventType "swiss"]
[EventRounds "4"]
[EventCountry "CAN"]

1. e4 e5 2. Nf3 Nc6 3. d4 exd4 4. Nxd4 Nf6 5. Nxc6 bxc6 6. Nc3 Bb4 7. Qf3 O-O
8. Bc4 Re8 9. O-O Bb7 10. Bg5 Be7 11. e5 c5 12. Qxb7 Ng4 13. Qf3 Nxe5 14. Bxe7
Nxf3+ 15. gxf3 Qxe7 16. Nd5 Qd8 17. Kh1 c6 18. Ne3 Qf6 19. Rad1 Qxf3+ 20. Ng2
d5 21. Ba6 Rab8 22. Rd3 Qf6 23. Rg3 Rb6 24. Bd3 c4 25. Bxh7+ Kxh7 26. Ne3 Kg8
27. Rfg1 g6 28. Ng4 Qf4 29. Rh3 Rbb8 30. Rh4 Qf3+ 31. Rg2 Re1# 0-1

[Event "Winnipeg TNT 2018.04"]
[Site "Winnipeg CAN"]
[Date "2018.04.17"]
[Round "3"]
[White "Rutter, Blair"]
[Black "Prince, Colin"]
[Result "1-0"]
[WhiteElo "1984"]
[BlackElo "1878"]
[PlyCount "97"]
[EventDate "2018.04.03"]
[EventType "swiss"]
[EventRounds "4"]
[EventCountry "CAN"]

1. c4 e5 2. g3 Nf6 3. Bg2 Bc5 4. e3 Bb6 5. Nc3 c6 6. Nge2 d5 7. cxd5 cxd5 8.
O-O O-O 9. d4 e4 10. Bd2 Bf5 11. b4 Nc6 12. Qb3 Qd7 13. a4 Bh3 14. Nf4 Bxg2 15.
Kxg2 Rad8 16. h3 h5 17. Nfe2 Ne7 18. a5 Bc7 19. Qa4 Qf5 20. f4 Ng6 21. Be1 h4
22. gxh4 Qh5 23. Ng3 Nxh4+ 24. Kh1 Qh7 25. Qd1 Nf3 26. Kg2 Ng4 27. Qe2 f5 28.
Rh1 Nh6 29. Qb5 Bxf4 30. exf4 Nxd4 31. Qa4 Ne6 32. Rf1 d4 33. Qb3 Rd6 34. Nb5
Rfd8 35. Nxd6 Rxd6 36. Rd1 Nf7 37. Bd2 Qg6 38. Qc4 Rc6 39. Qb3 e3 40. Bxe3 dxe3
41. Qxe3 Nd6 42. Kh2 Rc2+ 43. Rf2 Nc4 44. Qf3 Rxf2+ 45. Qxf2 a6 46. Qf3 Qf6 47.
Ne2 Qb2 48. Qd3 Nd6 49. Rd2 1-0

[Event "Winnipeg TNT 2018.04"]
[Site "Winnipeg CAN"]
[Date "2018.04.24"]
[Round "4"]
[White "Baron, Gustav"]
[Black "Babb, Jeff"]
[Result "1/2-1/2"]
[WhiteElo "2216"]
[BlackElo "2212"]
[PlyCount "129"]
[EventDate "2018.04.03"]
[EventType "swiss"]
[EventRounds "4"]
[EventCountry "CAN"]

1. e4 e5 2. Nf3 Nc6 3. Bb5 a6 4. Ba4 Nf6 5. d3 d6 6. c3 Be7 7. O-O O-O 8. h3
Bd7 9. Re1 Qe8 10. Nbd2 Nh5 11. Bxc6 Bxc6 12. Nxe5 dxe5 13. Qxh5 f6 14. Qe2 Rd8
15. Nf1 Qd7 16. Rd1 Bb5 17. Qc2 f5 18. c4 Bc6 19. Be3 f4 20. Bd2 Qxd3 21. Qxd3
Rxd3 22. Bc3 Rxd1 23. Rxd1 Bf6 24. f3 Kf7 25. Rd3 Ke6 26. Kf2 h5 27. Nd2 g5 28.
Nb3 b6 29. c5 Rg8 30. cxb6 cxb6 31. Bb4 Be7 32. Rc3 Rc8 33. Bxe7 Kxe7 34. Nc1
Bd7 35. Nd3 Rxc3 36. bxc3 Kd6 37. Nb4 Be6 38. Nxa6 Bxa2 39. Nb4 Bc4 40. g3 h4
41. gxh4 gxh4 42. Nc2 Be6 43. Kg2 Kc5 44. Kh2 Kc4 45. Nb4 Kxc3 46. Nd5+ Kd4 47.
Nxb6 Ke3 48. Kg2 Bxh3+ 49. Kxh3 Kxf3 50. Nc4 Kxe4 51. Kxh4 Kd4 52. Nd2 Kd3 53.
Nf3 e4 54. Kg4 Ke3 55. Nh2 f3 56. Nf1+ Ke2 57. Ng3+ Kd3 58. Nh1 Ke2 59. Ng3+
Ke3 60. Nf1+ Kf2 61. Nd2 Ke3 62. Nf1+ Kd3 63. Kf4 f2 64. Ne3 Kd4 65. Nf1
1/2-1/2

[Event "Winnipeg TNT 2018.04"]
[Site "Winnipeg CAN"]
[Date "2018.04.24"]
[Round "4"]
[White "Gannon, Keith"]
[Black "Gergoryanz, Philipp"]
[Result "1-0"]
[WhiteElo "1530"]
[BlackElo "1352"]
[PlyCount "79"]
[EventDate "2018.04.03"]
[EventType "swiss"]
[EventRounds "4"]
[EventCountry "CAN"]

1. e4 e5 2. Nf3 Nc6 3. Bc4 Nf6 4. Nc3 Bc5 5. O-O O-O 6. a3 d6 7. b4 Bd4 8. Re1
Ng4 9. Nxd4 Nxd4 10. f3 Nxc2 11. Qxc2 Nxh2 12. d3 Qh4 13. Qf2 Nxf3+ 14. gxf3
Qh5 15. Qg3 Be6 16. Bxe6 fxe6 17. Qg4 Qf7 18. Bh6 Qf6 19. Qxg7+ Qxg7+ 20. Bxg7
Kxg7 21. Kg2 Kf7 22. Rh1 Rg8+ 23. Kf2 Rg7 24. Rh2 Rag8 25. Rah1 Rh8 26. Rh6 Ke7
27. Ke3 Rf7 28. Ne2 d5 29. exd5 exd5 30. R1h5 Kd8 31. Rxe5 c6 32. Nd4 Kc7 33.
f4 Rhf8 34. Ne6+ Kb8 35. Nxf8 Rxf8 36. Rxh7 d4+ 37. Kxd4 Rxf4+ 38. Kc3 a6 39.
Re8+ Ka7 40. Ree7 1-0

[Event "Winnipeg TNT 2018.04"]
[Site "Winnipeg CAN"]
[Date "2018.04.24"]
[Round "4"]
[White "Gerona, Joshua"]
[Black "Wolchock, Theo"]
[Result "0-1"]
[WhiteElo "1921"]
[BlackElo "2004"]
[PlyCount "60"]
[EventDate "2018.04.03"]
[EventType "swiss"]
[EventRounds "4"]
[EventCountry "CAN"]

1. d4 Nf6 2. c4 c5 3. e3 cxd4 4. exd4 d5 5. Nc3 Nc6 6. Nf3 Bg4 7. cxd5 Nxd5 8.
Bc4 e6 9. Be3 Bb4 10. Rc1 O-O 11. O-O Rc8 12. Nxd5 exd5 13. Be2 Re8 14. a3 Bd6
15. b4 Qd7 16. Re1 Ne7 17. Ne5 Bxe2 18. Rxe2 Qf5 19. Rec2 Bxe5 20. dxe5 Rxc2
21. Rxc2 Qxe5 22. Bxa7 Nc6 23. Be3 d4 24. Bd2 d3 25. Rc1 Nd4 26. Rc5 Qe4 27.
Be3 Nc2 28. Qf3 d2 29. Rd5 Nd4 30. Rxd4 Qb1+ 0-1

[Event "Winnipeg TNT 2018.04"]
[Site "Winnipeg CAN"]
[Date "2018.04.24"]
[Round "4"]
[White "Marshall, Carter"]
[Black "Magyar, Peter"]
[Result "1-0"]
[WhiteElo "1488"]
[BlackElo "1508"]
[PlyCount "120"]
[EventDate "2018.04.03"]
[EventType "swiss"]
[EventRounds "4"]
[EventCountry "CAN"]

1. e4 e6 2. f4 c5 3. Nc3 d5 4. Nf3 Nc6 5. Bb5 Bd7 6. d3 d4 7. Ne2 Be7 8. Bd2
Nf6 9. Ng3 Qb6 10. Bxc6 Bxc6 11. Rb1 h6 12. h3 Qa6 13. a3 b6 14. Qe2 Qb7 15.
Ne5 O-O 16. Nxc6 Qxc6 17. e5 Nd5 18. Nh5 Bh4+ 19. g3 Be7 20. Rf1 g6 21. f5 exf5
22. Bxh6 Rfe8 23. g4 gxh5 24. gxh5 Bh4+ 25. Kd1 Qxh6 26. Qg2+ Qg5 27. Qxd5
Qxh5+ 28. Rf3 Kh7 29. c4 Rg8 30. Kc2 Rg2+ 31. Kb3 Rd8 32. Qb7 Rf2 33. Rxf2 Bxf2
34. Rf1 Bg3 35. e6 Rf8 36. Qe7 Kg7 37. Qd7 Bh4 38. e7 Bxe7 39. Qxe7 Rg8 40.
Qe5+ f6 41. Rg1+ Kh7 42. Qe7+ Kh8 43. Qxf6+ Kh7 44. Qe7+ Kh8 45. Rxg8+ Kxg8 46.
Qxa7 Qd1+ 47. Ka2 Qxd3 48. Qxb6 Qxc4+ 49. Qb3 Qxb3+ 50. Kxb3 f4 51. Kc2 c4 52.
a4 d3+ 53. Kd1 f3 54. Ke1 Kg7 55. a5 Kf6 56. a6 Kf5 57. a7 Kf4 58. a8=Q Kg3 59.
Qg8+ Kf4 60. Qg4+ Ke3 1-0

[Event "Winnipeg TNT 2018.04"]
[Site "Winnipeg CAN"]
[Date "2018.04.24"]
[Round "4"]
[White "Marshall, Ken"]
[Black "Piche, Zachary"]
[Result "1/2-1/2"]
[WhiteElo "1520"]
[BlackElo "1437"]
[PlyCount "48"]
[EventDate "2018.04.03"]
[EventType "swiss"]
[EventRounds "4"]
[EventCountry "CAN"]

1. d4 Nf6 2. Bf4 e6 3. e3 b6 4. Nd2 Bb7 5. c3 c5 6. Ngf3 Nc6 7. h3 cxd4 8. cxd4
Rc8 9. a3 Be7 10. Bd3 d6 11. Ne4 Nd5 12. Bh2 O-O 13. O-O f5 14. Ned2 e5 15. Bc4
Na5 16. Bxd5+ Bxd5 17. dxe5 dxe5 18. Bxe5 Bf6 19. Bxf6 Qxf6 20. b4 Nc4 21. Nxc4
Bxc4 22. Re1 Rfd8 23. Qb1 Bd3 24. Qa2+ Bc4 1/2-1/2

[Event "Winnipeg TNT 2018.04"]
[Site "Winnipeg CAN"]
[Date "2018.04.24"]
[Round "4"]
[White "Prince, Colin"]
[Black "Wirtzfeld, Ryan"]
[Result "1-0"]
[WhiteElo "1878"]
[BlackElo "1318"]
[PlyCount "61"]
[EventDate "2018.04.03"]
[EventType "swiss"]
[EventRounds "4"]
[EventCountry "CAN"]

1. e4 e5 2. Nf3 Nc6 3. Bc4 d6 4. d4 Bg4 5. c3 Qf6 6. d5 Na5 7. Qa4+ c6 8. Qxa5
Bxf3 9. gxf3 Qxf3 10. Rg1 Qxe4+ 11. Be2 Qxd5 12. Qxd5 cxd5 13. Bb5+ Ke7 14. Be3
a6 15. Ba4 b5 16. Bb3 Nf6 17. Nd2 h6 18. O-O-O Rc8 19. Kb1 b4 20. Rc1 g5 21. h4
a5 22. hxg5 hxg5 23. Bxg5 Rh2 24. Bxd5 Rxf2 25. Ne4 Rf5 26. Bxf6+ Rxf6 27. Nxf6
Kxf6 28. Rcf1+ Ke7 29. Rxf7+ Ke8 30. Rg8 Rxc3 31. Rgxf8# 1-0

[Event "Winnipeg TNT 2018.04"]
[Site "Winnipeg CAN"]
[Date "2018.04.24"]
[Round "4"]
[White "Remillard, John"]
[Black "Leaden, Bruce"]
[Result "0-1"]
[WhiteElo "1631"]
[BlackElo "1548"]
[PlyCount "74"]
[EventDate "2018.04.03"]
[EventType "swiss"]
[EventRounds "4"]
[EventCountry "CAN"]

1. Nf3 e6 2. d4 f5 3. b3 Nf6 4. Bb2 Be7 5. e3 O-O 6. Bd3 b6 7. Nbd2 Bb7 8. c4
Ne4 9. a3 Bf6 10. Qc2 Ng5 11. O-O-O c5 12. Nxg5 Bxg5 13. f4 Bf6 14. Nf3 Nc6 15.
Rhg1 cxd4 16. e4 fxe4 17. Bxe4 h6 18. Bxc6 Bxc6 19. Nxd4 Bxd4 20. Rxd4 d5 21.
g4 Qd6 22. g5 h5 23. Qg6 Be8 24. Qd3 Rf5 25. cxd5 Qc5+ 26. Kd2 Rxf4 27. Rc1 Qf8
28. Rc7 Rf2+ 29. Kc1 Rf1+ 30. Kc2 Rf3 31. Rxg7+ Qxg7 32. Qxf3 Bg6+ 33. Kc1 Rf8
34. Rf4 Qc7+ 35. Rc4 Qxc4+ 36. bxc4 Rxf3 37. dxe6 Kf8 0-1

[Event "Winnipeg TNT 2018.04"]
[Site "Winnipeg CAN"]
[Date "2018.04.24"]
[Round "4"]
[White "Rutter, Blair"]
[Black "Bince, Rolando"]
[Result "0-1"]
[WhiteElo "1984"]
[BlackElo "1964"]
[PlyCount "118"]
[EventDate "2018.04.03"]
[EventType "swiss"]
[EventRounds "4"]
[EventCountry "CAN"]

1. c4 e5 2. g3 Nf6 3. Bg2 Nc6 4. Nc3 Bb4 5. e4 O-O 6. Nge2 Nd4 7. O-O Be7 8. d3
d6 9. h3 Nxe2+ 10. Qxe2 c6 11. Be3 b5 12. cxb5 cxb5 13. Nxb5 Qa5 14. Nc3 Ba6
15. Rfb1 Rfc8 16. Bd2 Qd8 17. Kh2 Rab8 18. f4 Rb7 19. f5 Rcb8 20. b3 Rc8 21.
Rc1 Rbc7 22. g4 h6 23. b4 Bb7 24. a3 d5 25. Nd1 Rxc1 26. Rxc1 Rxc1 27. Bxc1
dxe4 28. Bxe4 Bxe4 29. dxe4 Nxe4 30. Ne3 Bg5 31. Ng2 Bxc1 32. Qxe4 Bxa3 33. h4
Qd4 34. Qxd4 exd4 35. b5 Kf8 36. Kg3 Ke7 37. Kf4 Kd6 38. Ne1 Kd5 39. Nd3 Bd6+
40. Kf3 Be7 41. Nf4+ Kc4 42. h5 d3 43. Nh3 Bc5 44. g5 Bd4 45. f6 hxg5 46. fxg7
Bxg7 47. Nxg5 Kc3 48. Ne4+ Kc2 49. Kf4 d2 50. Nxd2 Kxd2 51. Kg5 Kc3 52. h6 Bh8
53. Kf5 Kc4 54. Ke4 Kxb5 55. Kd3 Kb4 56. Kc2 a5 57. Kb1 f5 58. h7 a4 59. Ka2 f4
0-1